000 00623nas a2200229 4500
001 BR7200180
003 BR-BrBNA
005 20231205082346.0
007 ta
008 230509b bl.|||p| |||| 00| 00por d
040 _aBR-BrBNA
_bpor
_cBiblioteca Nacional de Agricultura
041 _a(Pt)
072 _aQ10
100 1 _aAnon.
245 1 _aRapadura: Bibliografia [melaco]
650 _aMELACO
650 _aRAPADURA
650 _aBIBLIOGRAFIA
773 0 _tBrasil Acucareiro (Brazil)
_xISSN 0006-9167
_g(Apr 1972), v. 79(4) p. 94-95
_wBR7200180
909 _a202311
_bLúcia
_c55
_dLúcia Elande
942 _2AGRIS
_n0
_cANA
999 _c91159
_d91159